• 首页
  • 本馆介绍
  • 公告通知
  • 最新文献
  • 馆藏检索
  • 电子资源
  • 读者导购
  • 参考咨询
  • 我的图书馆
  • 登录
  • 详细信息显示
  • 放入我的书架
  • 预约/预借图书
  • 作者相关作品
  • 分类相关作品
  • 丛书相关作品
  • 出版社相关作品

书目信息

  • 表格格式
  • 工作单格式
  • 卡片格式
题名:
皮影之旅
    
 
作者: 魏力群 著
分册:  
出版信息: 北京   中国旅游出版社  2005
页数: 165页
开本: 21cm
丛书名: 中国民间文化遗产旅游丛书
单 册:
中图分类: J827
科图分类:
主题词: 皮影戏--概况--中国
电子资源:
ISBN: 7-5032-2561-0
000 00800oam2 2200253 450
001 060000025891
005 20061210163947.14
010    @a7-5032-2561-0@dCNY32.00
100    @a20050413d2005 ekmy0chiy0120 ea
101 0  @achi
102    @aCN@b110000
105    @aa z 000yy
200 1  @a皮影之旅@9pi ying zhi lu^@f魏力群著@Fwei li qun zhu
210    @a北京@c中国旅游出版社@d2005
215    @a165页@c图@d21cm
225 2  @a中国民间文化遗产旅游丛书
330    @a本书介绍了皮影戏的起源和流派,皮影戏的现状,皮影戏的传说和典故,皮影的收集和整理,皮影的年代品质鉴别等内容。
410  0 @12001 @a中国民间文化遗产旅游丛书
606 0  @a皮影戏@x概况@y中国
690    @aJ827@v4
701  0 @a魏力群@Awei li qun@4著
801  0 @aCN@bCXYBOOK@c20061210
905    @a10447@dJ827@e56
999    @aZXL@eDF
    
    皮影之旅/魏力群著.-北京:中国旅游出版社,2005
    165页:图;21cm.-(中国民间文化遗产旅游丛书)
    
    
    ISBN 7-5032-2561-0:CNY32.00
    本书介绍了皮影戏的起源和流派,皮影戏的现状,皮影戏的传说和典故,皮影的收集和整理,皮影的年代品质鉴别等内容。
●
相关链接 在E读中查询图书 在五车中查询图书 在当当中查询图书 在豆瓣中查询图书


正题名:皮影之旅     索取号:J827/56         预约/预借

序号 登录号 条形码 馆藏地/架位号 状态 备注
1 0371123   203711233   第一样本阅览室/ [索取号:J827/56] 在馆    
2 0371124   203711242   第一借阅区/ [索取号:J827/56] 在馆    
3 0371125   203711251   第一借阅区/ [索取号:J827/56] 在馆    
4 0371126   203711260   第一借阅区/ [索取号:J827/56] 在馆    
5 0371127   203711279   第一借阅区/ [索取号:J827/56] 在馆    
6 0618168   206181683   第一借阅区/ [索取号:J827/56] 在馆    
7 0618169   206181692   第一借阅区/ [索取号:J827/56] 在馆    
8 0618170   206181709   第一借阅区/ [索取号:J827/56] 在馆    
9 0618171   206181718   第一借阅区/ [索取号:J827/56] 在馆    
10 0618172   206181727   第一借阅区/ [索取号:J827/56] 在馆    
唐山师范学院图书馆 欢迎您!
大连网信软件有限公司© 版权所有